000
00290nam a22001337a 4500
008
170502b xxu||||| |||| 00| 0 eng d
020
_a
9780199251285
041
_a
eng
080
_2
3RD
_a
343
100
_a
14
101
_a
SHJ
245
_a
THE DEATH PENALTY
_c
HOOD, R
942
_2
udc
_c
BK
999
_c
12386
_d
12386